00839nam a2200229 a 450000100060000000300080000600500170001400800410003103500200007204000360009204100080012808200220013610000260015824500540018426000630023830000180030149000340031950400390035350501580039265000250055083000340057528011BD-RjUL20211209051228.0140329m19601950enk b 001 0 eng d a(BD-RjUL) 28092 aAKRdm.cdBD-RjULbengcBD-RjUL aeng a109bCOH 19651 aCopleston, Frederick 12aA history of philosophy /cby Frederick Copleston aLondon :bBurns & Oates,c1950-1960 [Impression 1964-1965] a v. ;c23 cm. aThe Bellarmine series ; vXIV aIncludes bibliographies and Index.1 aVol. 2. Mediaeval philosophy, Augustine to Scotus.--v. 3. Ockham to Suárez.--v. 4 Descartes to Leibniz.--v. 5. Hobbes to Hume.--v. 6. Wolff to Kant.--  0aPhilosophyxHistory. 0aThe Bellarmine series ; vXIV